Consultants to get KPIs (Record no. 68067)

MARC details
000 -LEADER
fixed length control field 00994cam a2200229 4500
001 - CONTROL NUMBER
control field WB3732-10
008 - FIXED-LENGTH DATA ELEMENTS--GENERAL INFORMATION
fixed length control field 010822n2001 000 0 eng u
035 ## - SYSTEM CONTROL NUMBER
System control number (Sirsi) u114271
245 ## - TITLE STATEMENT
Title Consultants to get KPIs
260 ## - PUBLICATION, DISTRIBUTION, ETC.
Date of publication, distribution, etc. 2001
490 ## - SERIES STATEMENT
Series statement Contract Journal
Volume/sequential designation 410 (6341) 22 August 2001, 2
490 ## - SERIES STATEMENT
Series statement CSM (Chartered Surveyor Monthly)
Volume/sequential designation October 2001, 4(2)
520 ## - SUMMARY, ETC.
Summary, etc. The consultancy sector is to get its own set of performance indicators. Fifteen key performance indicators, intended to apply to consulting engineers, chartered surveyors and architects, are outlined in the new handbook "Striving for Business Excellence". This has been jointly produced by the Association of Consulting Engineers, RIBA and RICS. To obtain a copy contact ACE on: 020 7222 6557 ext. 123.
590 ## - LOCAL NOTE (RLIN)
Local note WB
650 ## - SUBJECT ADDED ENTRY--TOPICAL TERM
Topical term or geographic name entry element RICS
650 ## - SUBJECT ADDED ENTRY--TOPICAL TERM
Topical term or geographic name entry element RIBA
650 ## - SUBJECT ADDED ENTRY--TOPICAL TERM
Topical term or geographic name entry element ACE
650 ## - SUBJECT ADDED ENTRY--TOPICAL TERM
Topical term or geographic name entry element KEY PERFORMANCE INDICATORS
650 ## - SUBJECT ADDED ENTRY--TOPICAL TERM
Topical term or geographic name entry element CONSULTANTS
690 ## - LOCAL SUBJECT ADDED ENTRY--TOPICAL TERM (OCLC, RLIN)
Topical term or geographic name as entry element MANAGEMENT-BUSINESS MANAGEMENT
942 ## - ADDED ENTRY ELEMENTS (KOHA)
Suppress in OPAC 0
Holdings
Withdrawn status Lost status Source of classification or shelving scheme Damaged status Not for loan Home library Current library Shelving location Date acquired Total Checkouts Full call number Barcode Date last seen Copy number Price effective from Koha item type
    Dewey Decimal Classification     London London News article 22/08/2001   WB3732-10 114271-1001 06/08/2019 1 06/08/2019 News article